Návrh modernizácie rodinného domu

Uložené v:
Podrobná bibliografia
Hlavný autor: Köpöncei, Samuel (Autor)
Ďalší autori: Jánošková, Taťjana (Vedúci práce)
Médium: Rukopis Kniha
Jazyk:Slovak
Vydavateľské údaje: 2017
Predmet:
On-line prístup:http://is.stuba.sk/zp/portal_zp.pl?podrobnosti=124355
https://opac.crzp.sk/?fn=detailBiblioForm&sid=DF521320909666631578E7F290DD
Tagy: Pridať tag
Žiadne tagy, Buďte prvý, kto otaguje tento záznam!

MARC

LEADER 00000ntm a22000003a 4500
001 stuzp63215
003 SK-STU
005 20230814133438.1
007 ta
008 150427s2015----xo-----f-mn---000-0-slo-d
040 |a STU  |b slo 
041 0 |a slo 
100 1 |a Köpöncei, Samuel  |u 010290  |4 aut  |U SvF Stavebná fakulta  |T SvF Katedra technických zariadení budov  |X 62741  |U V290  |Y 31  |7 62741 
242 0 1 |a Designed modernization of the family house  |y eng 
245 1 0 |a Návrh modernizácie rodinného domu 
260 |c 2017 
650 4 |a vsakovacie zariadenie  |2 slo 
650 4 |a zdravotnotechnické inštalácie  |2 slo 
650 4 |a využitie zrážkovej vody  |2 slo 
650 4 |a soakage system  |2 eng 
650 4 |a sanitary installations  |2 eng 
650 4 |a utilization of rainwater  |2 eng 
700 1 |a Jánošková, Taťjana  |u 010290  |k Z1  |4 ths  |U SvF Stavebná fakulta  |T SvF Katedra technických zariadení budov  |X 2745  |U V290  |Y 31  |7 A000002745 
856 4 |u http://is.stuba.sk/zp/portal_zp.pl?podrobnosti=124355 
856 4 |u https://opac.crzp.sk/?fn=detailBiblioForm&sid=DF521320909666631578E7F290DD